LEADER 01061nam0-22003731i-450- 001 990000735600403321 005 20110203165334.0 035 $a000073560 035 $aFED01000073560 035 $a(Aleph)000073560FED01 035 $a000073560 100 $a20020821d1971----km-y0itay50------ba 101 0 $aita 102 $aIT 105 $ay---c---001yy 200 1 $aScritti sull'arte$fKarl Marx, Friedrich Engels$ga cura e con introduzione di Carlo Salinari 205 $a3. ed 210 $aBari$cEditori Laterza$d1971 215 $a240 p.$d18 cm 225 1 $aUniversale Laterza$v64 610 0 $aArte 700 1$aMarx,$bKarl$f<1818-1883>$032587 701 1$aEngels,$bFriedrich$f<1820?1895>$036926 702 1$aSalinari,$bCarlo$f<1919-1977> 801 0$aIT$bUNINA$gRICA$2UNIMARC 901 $aBK 912 $a990000735600403321 952 $aMON A 160$b9433$fFARBC 952 $aMON A 12$b8428$fFARBC 952 $a30.1184$b9233$fDARST 959 $aFARBC 959 $aDARST 996 $aScritti sull'arte$9322625 997 $aUNINA LEADER 02734nam 22006974a 450 001 9910960362803321 005 20200520144314.0 010 $a9786611014681 010 $a9781281014689 010 $a1281014680 010 $a9780080494715 010 $a0080494714 035 $a(CKB)1000000000349874 035 $a(EBL)297154 035 $a(OCoLC)469607561 035 $a(SSID)ssj0000145662 035 $a(PQKBManifestationID)11158181 035 $a(PQKBTitleCode)TC0000145662 035 $a(PQKBWorkID)10182608 035 $a(PQKB)10238041 035 $a(Au-PeEL)EBL297154 035 $a(CaPaEBR)ebr10180841 035 $a(CaONFJC)MIL101468 035 $a(CaSebORM)9780080494715 035 $a(MiAaPQ)EBC297154 035 $a(PPN)170245519 035 $a(FR-PaCSA)40000657 035 $a(FRCYB40000657)40000657 035 $a(EXLCZ)991000000000349874 100 $a20051013d2006 uy 0 101 0 $aeng 135 $aur|n|---||||| 181 $ctxt 182 $cc 183 $acr 200 10$aEmbedded multitasking /$fKeith Curtis 205 $a1st edition 210 $aAmsterdam ;$aBoston $cElsevier/Newnes$dc2006 215 $a1 online resource (417 p.) 225 1 $aEmbedded technology series 300 $aIncludes index. 311 08$a9780750679183 311 08$a0750679182 327 $aWhat's in this book, and why should I read it? -- Basic embedded programming concepts -- System-level design -- Component-level design -- Implementation and testing -- Does it do the job? 330 $aIn an embedded system, firmware is the software that directly interfaces with the microcontroller, controlling the system's function. The major forces driving the embedded firmware development process today are reduced development times, increased complexity, and the need to handle multiple tasks simultaneously. These forces translate into strenuous design requirements for embedded engineers and programmers. Many low-level embedded microcontroller designs have insufficient memory and/or architectural limitations that make the use of a real-time operating system impractical. The techniques pres 410 0$aEmbedded technology series. 606 $aEmbedded computer systems 606 $aComputer firmware$xDesign 606 $aEmbedded computer systems$xProgramming 615 0$aEmbedded computer systems. 615 0$aComputer firmware$xDesign. 615 0$aEmbedded computer systems$xProgramming. 676 $a004/.35 700 $aCurtis$b Keith$f1961-$01794966 801 0$bMiAaPQ 801 1$bMiAaPQ 801 2$bMiAaPQ 906 $aBOOK 912 $a9910960362803321 996 $aEmbedded multitasking$94335977 997 $aUNINA